000 00508nam a22001817a 4500
005 20230110105807.0
008 221216b |||||||| |||| 00| 0 eng d
020 _a81-239-0514-3
041 _aeng
082 _a615.190 BEC-P
100 _aBECKETT ,A.H ,AND STENLAK E , J.B .
_97357
245 _aPRACTICAL PHARMACUTICAL CHEMISTRY - PART TWO
250 _a4th ed.
260 _aMUMBAI
_bCSB PUBLISHERS & DISTRIBUTORS
_c2005
300 _a602;P.
650 _aPHARMACY
_xD.PHARMA
_97090
942 _cBK
999 _c8061
_d8059